Normal view
MARC view
- العبيدي، عمر عباس خضير
Entry Personal Name
001 - CONTROL NUMBER
- control field: 61742
003 - CONTROL NUMBER IDENTIFIER
- control field: JO-AjAnu
005 - DATE AND TIME OF LATEST TRANSACTION
- control field: 20230606084103.0
008 - FIXED-LENGTH DATA ELEMENTS
- fixed length control field: 230606|| aca||aabn | a|a d
040 ## - CATALOGING SOURCE
- Original cataloging agency: JO-AjAnu
- Transcribing agency: JO-AjAnu
100 ## - HEADING--PERSONAL NAME
- Personal name: العبيدي، عمر عباس خضير
670 ## - SOURCE DATA FOUND
- Source citation: Work cat.: (JO-AjAnu)31492: العبيدي، عمر عباس خضير, author, مكافحة الجرائم السيبرانية كآلية لتعزيز الامن الاقليمي